Catálogo

METODOLOGIA Y TECNICAS DE INVESTIGACION EN CIENCIAS SOCIALES (Registro nro. 29506)

Detalles MARC
000 -LEADER
fixed length control field 00737nam a2200169 a 4500
001 - CONTROL NUMBER
control field 29506
005 - DATE AND TIME OF LATEST TRANSACTION
control field 20180713232550.0
008 - FIXED-LENGTH DATA ELEMENTS--GENERAL INFORMATION
fixed length control field 140415s1984 000 0 spa d
041 ## - LANGUAGE CODE
Language code of text/sound track or separate title spa
082 ## - DEWEY DECIMAL CLASSIFICATION NUMBER
Classification number 1.4
Item number PAR
100 1# - MAIN ENTRY--PERSONAL NAME
Personal name PARDINAS, FELIPE
245 10 - TITLE STATEMENT
Title METODOLOGIA Y TECNICAS DE INVESTIGACION EN CIENCIAS SOCIALES
250 ## - EDITION STATEMENT
Edition statement 32ª EDICIÓN
260 ## - PUBLICATION, DISTRIBUTION, ETC.
Place of publication, distribution, etc. [s.l.] :
Name of publisher, distributor, etc. SIGLO VEINTIUNO,
Date of publication, distribution, etc. 1984
300 ## - PHYSICAL DESCRIPTION
Extent 239
Dimensions 14 x 2 x 21
520 ## - SUMMARY, ETC.
Summary, etc. LA ASPIRACION DE ESTE LIBRO ES LLEGAR A SER LEIDO POR HOMBRES Y MUJERES SIN CURSOS UNIVERSITARIOS QUE ANHELEN ORDENAR MEJOR SU PENSAMIENTO, ESTUDIAR O LEER CON MAS ALTO RENDIMIENTO, FAMILIARIZARSE CON LOS PRINCIPIOS DEL TRABAJO CIENTIFICO, AFIRMA EL DR. PARDINAS EN SU PROLOGO.
Existencias
Withdrawn status Lost status Source of classification or shelving scheme Damaged status Not for loan Collection code Home library Current library Shelving location Date acquired Source of acquisition Total Checkouts Full call number Barcode Date last seen Price effective from Koha item type
    Dewey Decimal Classification   Consulta en sala General Tehuacán Tehuacán Sala general 03/12/2013 Compra   1.4 PAR 503589 08/01/2025 03/12/2013 Reserva permanente